NHL Teams by Value - Statistics

General Stats
  • This quiz has been taken 141 times
    105 since last reset
  • The average score is 17 of 32
Answer Stats
Value Team % Correct
$2 B Toronto Maple Leafs
98%
$2.2 B New York Rangers
97%
$1.85 B Montreal Canadiens
90%
$1.4 B Boston Bruins
83%
$1.5 B Chicago Blackhawks
83%
$1.275 B Edmonton Oilers
76%
$1.3 B Los Angeles Kings
76%
$1.25 B Philadelphia Flyers
60%
$450 M Arizona Coyotes
55%
$1.2 B Washington Capitals
55%
$1.03 B Detroit Red Wings
53%
$550 M Florida Panthers
47%
$1.02 B New York Islanders
47%
$725 M Anaheim Ducks
45%
$610 M Buffalo Sabres
45%
$650 M Winnipeg Jets
45%
$990 M Pittsburgh Penguins
43%
$740 M San Jose Sharks
43%
$800 M Ottawa Senators
41%
$1.05 B Seattle Kraken
41%
$1.01 B Vancouver Canucks
41%
$855 M Calgary Flames
40%
$850 M Minnesota Wild
40%
$620 M Columbus Blue Jackets
38%
$880 M St Louis Blues
38%
$810 M Nashville Predators
36%
$640 M Carolina Hurricanes
34%
$925 M Dallas Stars
34%
$1 B Tampa Bay Lightning
34%
$860 M Colorado Avalanche
33%
$960 M New Jersey Devils
33%
$965 M Vegas Golden Knights
33%
No matching quizzes found
Score Distribution
Percent of People with Each Score
Percentile by Number Answered
Your Score History
You have not taken this quiz since the last reset